000 00555nam a2200205 a 4500
999 _c6482
_d6482
001 6482
003 BD-JhCC
005 20210329134019.0
008 180123s2008 ii |||| |||| 000 0 eng d
035 _a(BD-JhCC)
040 _aBD-JhCC
_dBD-JhCC
041 _aeng
082 _a428.24076
_b CAM 2008
245 _aCambridge IELTS : V5 With Answers /
_cCambridge University Press
260 _aLondon :
_bCambridge University Press
300 _a176 p;,
_c22 cm
650 _aEnglish Language
710 _aCambridge University Press
942 _2ddc
_cBK
_03